| 000 | 00388 a2200169 4500 | ||
|---|---|---|---|
| 001 | 69209 | ||
| 020 | _a8532200346 | ||
| 040 | _cAnchieta - Itaigara | ||
| 100 | _aBrandão, Toni | ||
| 240 | 1 | 0 |
_aCuidado Garoto apaixonado _lpor |
| 245 | 1 | 0 | _aCuidado Garoto apaixonado |
| 300 | _a96 | ||
| 362 | 0 | _a1994 | |
| 440 | 1 | _aMelhoramentos | |
| 650 | 4 | _aLiteratura infanto-juvenil | |
| 942 | _cBK | ||
| 999 |
_c69209 _d69209 |
||